000 00544nmm a2200169Ia 4500
008 251105s9999||||xx |||||||||||||||||und||
020 _a9788476588635
041 _aspa
100 _aGarcía Alonso, Marta
245 0 _aLa teología política de Calvino
264 _a[Madrid, España] :
_bAnthropos,
_c2008
300 _a287 páginas
490 _aPensamiento crítico / Pensamiento utópico: filosofía de la religión
650 _aPolitical Science (General)
856 _uhttps://public.digitaliapublishing.com/a/13275
942 _cCF
999 _c85194
_d85194